Statistics for Division 1 Mens College Hockey NCAA Tournament Champions

Click here to take the quiz!

General Stats

  • This quiz has been taken 1,745 times
    (976 since last reset)
  • The average score is 52 of 72

Answer Stats

HintAnswer% Correct
1948Michigan
96%
1964Michigan
96%
1998Michigan
96%
1951Michigan
96%
1952Michigan
96%
1953Michigan
96%
1996Michigan
96%
1955Michigan
96%
1956Michigan
96%
1979Minnesota
95%
1976Minnesota
95%
2003Minnesota
95%
1974Minnesota
95%
2002Minnesota
95%
2008Boston College
87%
1949Boston College
87%
2012Boston College
87%
2001Boston College
87%
2010Boston College
87%
1977Wisconsin
80%
1983Wisconsin
80%
1981Wisconsin
80%
1990Wisconsin
80%
2006Wisconsin
80%
1973Wisconsin
80%
1989Harvard
79%
2013Yale
75%
2004Denver
74%
1958Denver
74%
2005Denver
74%
2017Denver
74%
1969Denver
74%
1968Denver
74%
1961Denver
74%
1960Denver
74%
1987North Dakota
74%
1997North Dakota
74%
2000North Dakota
74%
1982North Dakota
74%
1963North Dakota
74%
1980North Dakota
74%
2016North Dakota
74%
1959North Dakota
74%
1978Boston University
73%
1995Boston University
73%
1972Boston University
73%
1971Boston University
73%
2009Boston University
73%
1993Maine
68%
1999Maine
68%
1986Michigan State
65%
2007Michigan State
65%
1966Michigan State
65%
2018Minnesota-Duluth
65%
2011Minnesota-Duluth
65%
2019Minnesota-Duluth
65%
2015Providence
59%
1970Cornell
56%
1967Cornell
56%
1957Colorado College
45%
1950Colorado College
45%
1975Michigan Tech
44%
1965Michigan Tech
44%
1962Michigan Tech
44%
2014Union
43%
1991Northern Michigan
39%
1994Lake Superior State
38%
1992Lake Superior State
38%
1988Lake Superior State
38%
1985Rensselaer
34%
1954Rensselaer
34%
1984Bowling Green
32%

Score Distribution

Percentile by Number Answered

Percent of People with Each Score

Your Score History

You have not taken this quiz since the last reset